Protocols in Pediatric Nephrology (Record no. 249227)

MARC details
000 -LEADER
fixed length control field 00403pam a2200157a 44500
008 - FIXED-LENGTH DATA ELEMENTS--GENERAL INFORMATION
fixed length control field 230405s2012 xxu||||| |||| 00| 0 eng d
020 ## - INTERNATIONAL STANDARD BOOK NUMBER
International Standard Book Number 978812920597
Terms of availability Rs. 880
082 ## - DEWEY DECIMAL CLASSIFICATION NUMBER
Classification number 618.92
Item number BAG
100 ## - MAIN ENTRY--PERSONAL NAME
Personal name Bagga, Arvind
245 ## - TITLE STATEMENT
Title Protocols in Pediatric Nephrology
260 ## - PUBLICATION, DISTRIBUTION, ETC.
Place of publication, distribution, etc. New Delhi
Name of publisher, distributor, etc. CBS Pub.
Date of publication, distribution, etc. 2012
300 ## - PHYSICAL DESCRIPTION
Extent 296 p
700 ## - ADDED ENTRY--PERSONAL NAME
Personal name Gulati, Ashima
700 ## - ADDED ENTRY--PERSONAL NAME
Personal name Sinha, Aditi
906 ## - LOCAL DATA ELEMENT F, LDF (RLIN)
a 000473

No items available.